000 00298nam a2200109Ia 4500
008 180205s9999 xx 000 0 und d
020 _a9719219807
100 _aArroyo, Estrella T.
245 4 _aThe literatures of the world /
260 _aNaga City
_bNational bookstore
_c1999
300 _a425 pages
999 _c354772
_d354772